College Quizbowl Stats
College Quizbowl Stats
Circuits
Seasons
Sets
Records
Detailed Stats
About
Loading...
Pacific
Tossups
Bonuses
Players
Teams
Categories (Tossup)
Categories (Bonus)
Kylie Tokeshi
Arizona State A
Categories
Category
Powers
Gets
Negs
BBs
Points
Earliest Buzz
Avg. Buzz
First Buzzes
Top 3 Buzzes
BPA
PVF
Popular Culture
0
2
0
1
20
83
89.00
0
0
0.00
0.00
Science - Chemistry
0
2
0
1
20
83
93.00
0
1
0.00
0.00
Mythology
0
1
0
0
10
73
73.00
0
1
0.00
0.00
Literature - British
0
0
1
0
-5
0.00
0
0
0.00
0.00
Buzzes
Category
Answer
Value
Buzz Position
Literature - British
The Hobbit
-5
60
Mythology
United States
10
73
Popular Culture
Severance
10
83
Science - Chemistry
filtration
10
83
Popular Culture
summer
10
95
Science - Chemistry
aluminum
10
103
Previous
1
Next